[Event "Nicolosi Etna op 1st"]
[Site "Nicolosi"]
[Date "2014.12.05"]
[Round "1"]
[White "Cannella, Carlo Umberto"]
[Black "Paladino, Antonio"]
[Result "1-0"]
[WhiteElo "1931"]
[BlackElo "1537"]
[PlyCount "53"]
[EventDate "2014.12.05"]
[EventType "swiss"]
[EventRounds "7"]
[EventCountry "ITA"]
[SourceTitle "CBM 163 Extra"]
[Source "ChessBase"]
[SourceDate "2014.12.23"]
[SourceVersion "1"]
[SourceVersionDate "2014.12.23"]
[SourceQuality "1"]

1. e4 e6 2. d4 d5 3. e5 c5 4. c3 Qb6 5. Nf3 Nc6 6. Bd3 cxd4 7. cxd4 Be7 8. 0-0 Bd7 9. Be2 Rc8 10. Nc3 a6 11. Rb1 Qc7 12. Bf4 b5 13. Rc1 Qa5 14. a3 b4 15. axb4 Qxb4 16. Bxa6 Rb8 17. Rb1 Na5 18. Qe2 Qb3 19. Rfc1 Bb4 20. Nd2 Bxc3 21. Nxb3 Nxb3 22. Rxc3 Nxd4 23. Qe3 Rb4 24. Rbc1 Ne7 25. Rc7 Nef5 26. Qa3 Ne2+ 27. Bxe2 1-0